| 000 | 00932nam a22002777a 4500 | ||
|---|---|---|---|
| 005 | 20091028145321.0 | ||
| 008 | 091028t xxu||||| |||| 00| 0 eng d | ||
| 010 | _aENG-95241 | ||
| 020 |
_a9780070677814 _c190.00 |
||
| 020 |
_a0070677814 _c190.00 |
||
| 035 | _aEN-78774 | ||
| 037 | _bDBAD/PUB | ||
| 040 | _aDPL | ||
| 082 | _a621 | ||
| 100 | _aNag, P.K. | ||
| 245 |
_aBasic mechanical engineering : _cby P.K.Nag, Kartikeya Tripathi and C.B. Pawar _bBE 204 |
||
| 250 | _a2nd ed. | ||
| 260 |
_aNew Delhi _bTata McGraw-Hill Education _c2009 |
||
| 270 |
_a7, West Patel Nagar _bNew Delhi _e110008 |
||
| 300 |
_aVarious pagings _c22 cm.(Pbk).) |
||
| 500 | _aIncludes index | ||
| 700 | _aTripathi, Kartikeya. | ||
| 700 | _aPawar, C.B. | ||
| 942 |
_2ddc _cEN _mNAG _h621 |
||
| 999 |
_c31112 _d31112 |
||